000 01381nam0a2200313 i 4500
001 RU\NLR\BIBL_A\010453601
005 20240921220316.0
010 _a9785438300656
_91000
021 _aRU
_b14-44856
035 _a(NILC)RuMoRGB-007513599
035 _a(NLR Aleph) 010453601
090 _a9940378
_c9940378
100 _a20140821d2014 u y0rusy50 ca
101 0 _arus
102 _aRU
105 _aa|||j||||||||
200 1 _aОсновы документооборота в таможенных органах
_eучебное пособие для студентов по специальности "Таможенное дело"
_fГ. В. Элова
210 _aСанкт-Петербург
_cИнтермедия
_d2014
215 _a205 с.
_cил., табл.
_d21
320 _aБиблиогр.: с. 171-173
606 1 _aТаможенные органы
_jУчебные издания для высших учебных заведений
_xДелопроизводство
_yРоссийская Федерация
_92452386
_3RU\NLR\AUTH\661458006
610 0 _aдокументооборот в таможенных органах
686 1 _aХ621.165.203.1-8я73
700 1 _aЭлова
_bГ. В.
_gГалина Викторовна
801 0 _aRU
_bРГБ
_c20140701
_gRCR
942 _cBOOK
980 _aNBR